书目信息 |
| 题名: |
模式识别与智能计算
|
|
| 作者: | 杨淑莹 著 | |
| 分册: | ||
| 出版信息: | 北京 电子工业出版社 2008 |
|
| 页数: | 11,350页 | |
| 开本: | 26cm | |
| 丛书名: | ||
| 单 册: | ||
| 中图分类: | O235 , TP183 | |
| 科图分类: | ||
| 主题词: | 算法语言--应用--模式识别 , 算法语言--应用--人工智能--神经网络--计算 , 算法语言 , 模式识别 , 人工智能 , 神经网络 | |
| 电子资源: | ||
| ISBN: | 978-7-121-05453-2 | |
| 000 | 01107nam0 2200349 450 | |
| 001 | 100428431471 | |
| 005 | 20110225082927.85 | |
| 010 | @a978-7-121-05453-2@dCNY48.00 | |
| 035 | @a003724124 | |
| 100 | @a20080403d2008 em y0chiy0110 ea | |
| 101 | 0 | @achi |
| 102 | @aCN@b110000 | |
| 105 | @ay z 000yy | |
| 106 | @ar | |
| 200 | 1 | @a模式识别与智能计算@9mo shi shi bie yu zhi neng ji suan@eMatlab技术实现@f杨淑莹著 |
| 210 | @a北京@c电子工业出版社@d2008 | |
| 215 | @a11,350页@d26cm@e1光盘 | |
| 307 | @a附光盘 ISBN 978-7-89485-491-9 | |
| 330 | @a本书共分13章,内容包括:模式识别概述,特征的选择与提取,模式相似性测度,贝叶斯分类器设计,判别函数分类器设计等。 | |
| 517 | 1 | @aMatlab技术实现@9Matlab ji shu shi xian |
| 606 | 0 | @a算法语言@x应用@x模式识别 |
| 606 | 0 | @a算法语言@x应用@x人工智能@x神经网络@x计算 |
| 606 | 0 | @a算法语言 |
| 606 | 0 | @a模式识别 |
| 606 | 0 | @a人工智能 |
| 606 | 0 | @a神经网络 |
| 610 | 0 | @aMATLAB |
| 690 | @aO235@v4 | |
| 690 | @aTP183@v4 | |
| 701 | 0 | @a杨淑莹@9yang shu ying@4著 |
| 801 | 0 | @aCN@bNLC@c20110225 |
| 905 | @b205997607-634@h599760-63@dO235@e48@f4 | |
| 模式识别与智能计算:Matlab技术实现/杨淑莹著.-北京:电子工业出版社,2008 |
| 11,350页;26cm+1光盘 |
| ISBN 978-7-121-05453-2:CNY48.00 |
| 本书共分13章,内容包括:模式识别概述,特征的选择与提取,模式相似性测度,贝叶斯分类器设计,判别函数分类器设计等。 |
| ● |
| 相关链接 |
|
|
|
|
正题名:模式识别与智能计算
索取号:O235/48
 
预约/预借
| 序号 | 登录号 | 条形码 | 馆藏地/架位号 | 状态 | 备注 |
| 1 | 599760 | 205997607 | 第二样本阅览室/ [索取号:O235/48] | 在馆 | |
| 2 | 599761 | 205997616 | 第三借阅区/ [索取号:O235/48] | 在馆 | |
| 3 | 599762 | 205997625 | 第三借阅区/ [索取号:O235/48] | 在馆 | |
| 4 | 599763 | 205997634 | 计算机科学系资料室/ [索取号:O235/48] | 在馆 |